000 00516nmm a2200169Ia 4500
008 251105s9999||||xx |||||||||||||||||und||
020 _a1882528042
041 _aspa
100 _aProaño, Franklin
245 0 _aLa poesía femenina actual de Sudamérica
264 _a[Washington, Estados Unidos] :
_bScripta Humanistica,
_c1993
300 _a420 páginas
490 _aLatin American Literature
650 _aLatin American literature
856 _uhttps://public.digitaliapublishing.com/a/256
942 _cCF
999 _c72985
_d72985